| 000 | 00748nam a2200193 i 4500 | ||
|---|---|---|---|
| 001 | 182079 | ||
| 003 | ES-MaACL | ||
| 005 | 20251009165259.0 | ||
| 008 | 130603s1893 sp |||| | spa d | ||
| 245 | 0 | 0 |
_aMosaico literario epistolar, para ejercitarse los niños en la lectura de manuscritos / _ccompilado por por Bastinos y Puig. |
| 250 | _a28ª ed. | ||
| 260 |
_aBarcelona : _bLibreria de Antonio J. Bastinos, _c1893. |
||
| 300 |
_a195 p. ; _c15 cm. |
||
| 650 | 4 |
_aNiños- _xLibros y lectura. _9152832 |
|
| 700 | 1 |
_aBastinos, Antonio J., _d1838-1928 _9152830 |
|
| 700 | 1 |
_aPuig y Sevall, Luis. _9152831 |
|
| 852 |
_aES-MaACL _j2132-F-5 _z.- Donat. de los herederos de la biblioteca de Mª del Pilar Costa Palacín |
||
| 999 |
_c182079 _d182079 |
||